[Event "Budapest Vezerkepzo GM 7th"]
[Site "Budapest"]
[Date "2021.07.31"]
[Round "3"]
[White "Manish, Anto Cristiano F"]
[Black "Persanyi, Barnabas"]
[Result "0-1"]
[WhiteElo "2354"]
[BlackElo "2362"]
[PlyCount "128"]
[EventDate "2021.07.29"]
[EventType "tourn"]
[EventRounds "9"]
[EventCountry "HUN"]
[EventCategory "6"]
[SourceTitle "CBM 203 Extra"]
[Source "ChessBase"]
[SourceDate "2021.09.30"]
[SourceVersion "1"]
[SourceVersionDate "2021.09.30"]
[SourceQuality "1"]

1. e4 e5 2. Nf3 Nc6 3. Bb5 a6 4. Ba4 Nf6 5. 0-0 Be7 6. Re1 b5 7. Bb3 d6 8. c3 0-0 9. h3 Na5 10. Bc2 c5 11. d4 Nd7 12. Nbd2 exd4 13. cxd4 Nc6 14. d5 Nce5 15. a4 Rb8 16. Nxe5 Nxe5 17. axb5 axb5 18. f4 Ng6 19. Nf3 Bh4 20. Rf1 Bg3 21. f5 Ne5 22. Ng5 h6 23. f6 gxf6 24. Nf3 Kg7 25. Ra3 b4 26. Re3 Rg8 27. b3 Kf8 28. Nxe5 Bxe5 29. Ref3 Rg6 30. Kh1 Ra8 31. Bf4 Qe7 32. Bd3 Ra2 33. R3f2 Rxf2 34. Rxf2 Bxf4 35. Rxf4 Qe5 36. Qf3 Bd7 37. Bc4 Ke7 38. Kh2 Rg8 39. Qf2 Ra8 40. Qh4 h5 41. Qg3 Ra1 42. Rf3 h4 43. Qxe5+ fxe5 44. g3 hxg3+ 45. Kxg3 Re1 46. Bd3 f5 47. Kf2 fxe4 48. Rg3 Rc1 49. Bxe4 Be8 50. Rg7+ Kf6 51. Rh7 Rc3 52. Rh6+ Kg5 53. Rxd6 Rxb3 54. Re6 Kf4 55. Bg2 Bd7 56. Rf6+ Kg5 57. Rc6 Rc3 58. Rc7 Bf5 59. d6 Kf4 60. Bd5 b3 61. Rb7 Rc2+ 62. Ke1 c4 63. Kd1 Ke3 64. Rb5 b2 0-1

[Event "Budapest Vezerkepzo GM 7th"]
[Site "Budapest"]
[Date "2021.07.30"]
[Round "2"]
[White "Persanyi, Barnabas"]
[Black "Horvath, Adam"]
[Result "0-1"]
[WhiteElo "2362"]
[BlackElo "2494"]
[PlyCount "92"]
[EventDate "2021.07.29"]
[EventType "tourn"]
[EventRounds "9"]
[EventCountry "HUN"]
[EventCategory "6"]
[SourceTitle "CBM 203 Extra"]
[Source "ChessBase"]
[SourceDate "2021.09.30"]
[SourceVersion "1"]
[SourceVersionDate "2021.09.30"]
[SourceQuality "1"]

1. e4 c5 2. Nf3 Nc6 3. Bb5 g6 4. 0-0 Bg7 5. Re1 Nf6 6. e5 Nd5 7. Nc3 Nc7 8. Bxc6 dxc6 9. Ne4 Ne6 10. d3 b6 11. Be3 0-0 12. Qd2 Nd4 13. Nxd4 cxd4 14. Bh6 c5 15. Qg5 Bb7 16. Bxg7 Kxg7 17. Ng3 Kh8 18. h4 Rc8 19. b3 Rc6 20. Ne2 f6 21. Qg3 g5 22. hxg5 fxg5 23. Qh3 Qd5 24. f3 Re6 25. Ng3 Rxe5 26. Qh6 Rf6 27. Qh5 Bc6 28. Qg4 e6 29. Rxe5 Qxe5 30. Ne4 Bxe4 31. Qxe4 Qxe4 32. fxe4 e5 33. g3 Kg7 34. a3 Kg6 35. Kg2 h5 36. a4 g4 37. Rh1 Kg5 38. Ra1 Rf3 39. Rb1 Re3 40. Kf2 h4 41. gxh4+ Kxh4 42. Rc1 g3+ 43. Kg2 Re2+ 44. Kg1 Kh3 45. Kh1 Rh2+ 46. Kg1 g2 0-1

[Event "Budapest Vezerkepzo GM 7th"]
[Site "Budapest"]
[Date "2021.07.29"]
[Round "1"]
[White "Krstulovic, Alex"]
[Black "Persanyi, Barnabas"]
[Result "1-0"]
[WhiteElo "2353"]
[BlackElo "2362"]
[PlyCount "113"]
[EventDate "2021.07.29"]
[EventType "tourn"]
[EventRounds "9"]
[EventCountry "HUN"]
[EventCategory "6"]
[SourceTitle "CBM 203 Extra"]
[Source "ChessBase"]
[SourceDate "2021.09.30"]
[SourceVersion "1"]
[SourceVersionDate "2021.09.30"]
[SourceQuality "1"]

1. d4 Nf6 2. Nf3 b6 3. Bf4 Bb7 4. c4 g6 5. Nc3 Bg7 6. Qc2 d5 7. e3 0-0 8. Rc1 Na6 9. a3 c5 10. cxd5 Nxd5 11. Nxd5 Qxd5 12. Bc4 Qf5 13. d5 Rad8 14. Qe2 Nb8 15. Bc7 Rc8 16. e4 Qd7 17. Bg3 a6 18. 0-0 b5 19. Ba2 c4 20. Ne5 Qd8 21. b3 c3 22. b4 Nd7 23. Nxd7 Qxd7 24. Rfd1 Kh8 25. e5 Rfd8 26. f4 f6 27. e6 Qe8 28. Bf2 f5 29. Bb6 Bf6 30. Qe3 Qf8 31. Bxd8 Qxd8 32. Rd3 Qc7 33. Bb3 Kg7 34. g3 Ba8 35. Kf1 a5 36. Ke1 a4 37. Ba2 c2 38. Rd2 Bc3 39. Ke2 Bxd2 40. Kxd2 Kg8 41. Qd4 h6 42. Kd3 Kh7 43. Qc5 Qb7 44. Qf2 Rc4 45. Bxc4 bxc4+ 46. Kc3 Qxd5 47. Qe2 Bb7 48. Qxc4 Qf3+ 49. Kb2 Bd5 50. Qc3 Qe2 51. Rxc2 Qe4 52. b5 Bb3 53. Rd2 Qxe6 54. Qe5 Qf7 55. Rd8 Qg7 56. Qxg7+ Kxg7 57. b6 1-0

[Event "HUN-ch Rapid"]
[Site "Ajka"]
[Date "2021.07.16"]
[Round "3"]
[White "Farago, Sandor"]
[Black "Persanyi, Barnabas"]
[Result "0-1"]
[WhiteElo "2126"]
[BlackElo "2362"]
[PlyCount "170"]
[EventDate "2021.07.16"]
[EventType "swiss (rapid)"]
[EventRounds "13"]
[EventCountry "HUN"]
[SourceTitle "CBM 203 Extra"]
[Source "ChessBase"]
[SourceDate "2021.09.30"]
[SourceVersion "1"]
[SourceVersionDate "2021.09.30"]
[SourceQuality "1"]

1. Nf3 b6 2. c4 Nf6 3. g3 Bb7 4. Bg2 e6 5. 0-0 Be7 6. b3 0-0 7. Bb2 d6 8. d4 Nbd7 9. Nc3 Ne4 10. Rc1 f5 11. d5 Nxc3 12. Bxc3 e5 13. e4 fxe4 14. Nd2 Bg5 15. Bxe4 Bc8 16. Qe2 Nc5 17. Bb1 a5 18. Rce1 Bh6 19. f3 Bxd2 20. Qxd2 Bh3 21. Rf2 Bf5 22. Bc2 Qd7 23. a3 Bxc2 24. Qxc2 Qf5 25. Qxf5 Rxf5 26. Re3 Nxb3 27. Bxe5 Rxe5 28. Rxb3 Rae8 29. Kg2 Re3 30. Rfb2 Rxb3 31. Rxb3 Re2+ 32. Kh3 Rc2 33. Kg4 Rxc4+ 34. Kf5 Kf7 35. Rd3 h6 36. f4 g6+ 37. Kg4 b5 38. h4 Kf6 39. h5 Rc5 40. hxg6 Kxg6 41. Rd4 Rc3 42. Re4 h5+ 43. Kh4 Rc1 44. Re6+ Kf5 45. Kh3 h4 46. gxh4 b4 47. axb4 axb4 48. Re8 b3 49. Rb8 Rc3+ 50. Kg2 Kxf4 51. Rb4+ Ke5 52. h5 Kf6 53. Rg4 b2 54. Rb4 Rc2+ 55. Kg3 Kg5 56. Kf3 Kxh5 57. Ke4 Kg5 58. Kd3 Rh2 59. Rb7 Kf5 60. Kd4 Rd2+ 61. Kc3 Rxd5 62. Rxb2 Ke6 63. Kc4 c5 64. Re2+ Re5 65. Rd2 Re4+ 66. Kc3 d5 67. Rh2 Re3+ 68. Kd2 d4 69. Rh5 Re5 70. Rh4 Kd5 71. Rh8 Rg5 72. Ke2 Kc4 73. Rh3 Rg2+ 74. Kf1 Rb2 75. Ke1 d3 76. Rh5 Kd4 77. Kd1 c4 78. Kc1 Rg2 79. Rh1 c3 80. Rh4+ Kc5 81. Rh1 Kc4 82. Rd1 Kb3 83. Rxd3 Rg1+ 84. Rd1 Rxd1+ 85. Kxd1 Kb2 0-1

[Event "FIDE World Cup Europe Hybrid Qual"]
[Site "Tornelo INT"]
[Date "2021.05.25"]
[Round "1.2"]
[White "Persanyi, Barnabas"]
[Black "Pruijssers, Roeland"]
[Result "0-1"]
[WhiteElo "2364"]
[BlackElo "2561"]
[PlyCount "104"]
[EventDate "2021.05.24"]
[EventType "k.o."]
[EventRounds "3"]
[EventCountry "NET"]
[SourceTitle "CBM 202 Extra"]
[Source "ChessBase"]
[SourceDate "2021.07.31"]
[SourceVersion "1"]
[SourceVersionDate "2021.07.31"]
[SourceQuality "1"]

1. Nf3 Nf6 2. g3 d5 3. Bg2 e6 4. 0-0 c5 5. c4 dxc4 6. Na3 Bd7 7. Ne5 Qc7 8. Naxc4 Nc6 9. Nxd7 Qxd7 10. Qa4 Rc8 11. Bxc6 Qxc6 12. Qxa7 b5 13. Na5 Qa8 14. Qxa8 Rxa8 15. Nb3 c4 16. Nd4 b4 17. b3 Bc5 18. Bb2 Ne4 19. bxc4 Nxd2 20. Rfc1 0-0 21. Nb3 Ne4 22. Nxc5 Nxc5 23. Bd4 Rfc8 24. Rab1 Ra4 25. Bxc5 Rxc5 26. Rc2 Kf8 27. f3 Ke7 28. Kf2 Kd6 29. Rd1+ Kc7 30. Rd4 Rca5 31. Rb2 Kc6 32. Rdd2 Kc5 33. Rd7 Rxa2 34. Rxa2 Rxa2 35. Rxf7 b3 36. Ke3 b2 37. Rb7 Kxc4 38. Kf2 Kc3 39. Rc7+ Kb3 40. Rb7+ Kc2 41. Rc7+ Kb1 42. Rxg7 Ka1 43. Rb7 b1Q 44. Rxb1+ Kxb1 45. f4 Kc1 46. Kf3 Kd1 47. e4 Rxh2 48. f5 e5 49. g4 Rh3+ 50. Kf2 h6 51. f6 Ra3 52. f7 Ra8 0-1

[Event "Budapest Vezerkepzo GM 3rd"]
[Site "Budapest"]
[Date "2021.04.30"]
[Round "9"]
[White "Mishra, Abhimanyu"]
[Black "Persanyi, Barnabas"]
[Result "1/2-1/2"]
[WhiteElo "2408"]
[BlackElo "2364"]
[PlyCount "34"]
[EventDate "2021.04.24"]
[EventType "tourn"]
[EventRounds "9"]
[EventCountry "HUN"]
[EventCategory "6"]
[SourceTitle "CBM 202 Extra"]
[Source "ChessBase"]
[SourceDate "2021.07.31"]
[SourceVersion "1"]
[SourceVersionDate "2021.07.31"]
[SourceQuality "1"]

1. d4 Nf6 2. c4 e6 3. Nf3 b6 4. g3 Bb7 5. Bg2 Bb4+ 6. Bd2 a5 7. a3 Bxd2+ 8. Qxd2 0-0 9. 0-0 d6 10. Qf4 Nbd7 11. Nc3 Re8 12. Rfd1 Qe7 13. Qe3 Rac8 14. Rac1 Ba8 15. Nh4 Bxg2 16. Kxg2 g6 17. Nf3 e5 1/2-1/2

[Event "Budapest Vezerkepzo GM 3rd"]
[Site "Budapest"]
[Date "2021.04.29"]
[Round "8"]
[White "Persanyi, Barnabas"]
[Black "Souhardo, Basak"]
[Result "0-1"]
[WhiteElo "2364"]
[BlackElo "2349"]
[PlyCount "120"]
[EventDate "2021.04.24"]
[EventType "tourn"]
[EventRounds "9"]
[EventCountry "HUN"]
[EventCategory "6"]
[SourceTitle "CBM 202 Extra"]
[Source "ChessBase"]
[SourceDate "2021.07.31"]
[SourceVersion "1"]
[SourceVersionDate "2021.07.31"]
[SourceQuality "1"]

1. Nf3 Nf6 2. g3 e6 3. Bg2 Be7 4. 0-0 0-0 5. c4 d5 6. d4 dxc4 7. Qc2 a6 8. a4 Bd7 9. Qxc4 Bc6 10. Bg5 Bd5 11. Qc2 Be4 12. Qc1 a5 13. Nbd2 Bxf3 14. Bxf3 c6 15. e3 Na6 16. Nc4 Nb4 17. Qd1 h6 18. Bxf6 Bxf6 19. h4 Qc7 20. Qe2 Rfd8 21. Be4 Na6 22. Qf3 Rd7 23. Rac1 Nb4 24. Bb1 Qd8 25. Qe4 Kf8 26. Qh7 Ke7 27. f4 Nd5 28. Qe4 Qg8 29. f5 Re8 30. fxe6 Kd8 31. Qf3 fxe6 32. Bg6 Ree7 33. Kh1 Nb4 34. Qf4 Na6 35. Nb6 e5 36. dxe5 Bxe5 37. Qf8+ Qxf8 38. Rxf8+ Kc7 39. Nxd7 Rxd7 40. Rf7 Rxf7 41. Bxf7 Bxb2 42. Rb1 Be5 43. Bb3 Bxg3 44. h5 b5 45. Kg2 Be5 46. Bd1 bxa4 47. Bxa4 Nc5 48. Bd1 a4 49. Rc1 Nd3 50. Rc4 a3 51. Bb3 Bb2 52. Kf1 Nc1 53. Rxc1 Bxc1 54. Ke2 Kd6 55. Kd3 Ke5 56. e4 Kf6 57. Kc2 Bb2 58. Kd3 g6 59. hxg6 Kxg6 60. Ke3 Kf6 0-1

[Event "Budapest Vezerkepzo GM 3rd"]
[Site "Budapest"]
[Date "2021.04.27"]
[Round "5"]
[White "Danada, Tomas"]
[Black "Persanyi, Barnabas"]
[Result "1-0"]
[WhiteElo "2321"]
[BlackElo "2364"]
[PlyCount "173"]
[EventDate "2021.04.24"]
[EventType "tourn"]
[EventRounds "9"]
[EventCountry "HUN"]
[EventCategory "6"]
[SourceTitle "CBM 202 Extra"]
[Source "ChessBase"]
[SourceDate "2021.07.31"]
[SourceVersion "1"]
[SourceVersionDate "2021.07.31"]
[SourceQuality "1"]

1. d4 Nf6 2. c4 e6 3. Nc3 Bb4 4. e3 b6 5. Bd2 0-0 6. Nf3 Bb7 7. Rc1 d6 8. Be2 Nbd7 9. a3 Bxc3 10. Bxc3 Ne4 11. 0-0 f5 12. Be1 Rf6 13. Nd2 Rg6 14. Nxe4 Bxe4 15. f3 Bb7 16. Qd2 Qg5 17. Bd1 e5 18. Rc2 exd4 19. exd4 Qxd2 20. Bxd2 Re6 21. Re1 Rxe1+ 22. Bxe1 Re8 23. Kf2 Nf8 24. b4 Ne6 25. Re2 Kf7 26. d5 Nf8 27. Rxe8 Kxe8 28. Bc2 g6 29. Ke3 Nd7 30. Ba4 Bc8 31. Kf4 Kf7 32. Bc3 h6 33. h4 Nf6 34. Ke3 Nh5 35. Bd2 f4+ 36. Kd4 g5 37. hxg5 hxg5 38. Bc2 Ng7 39. Bd3 Bf5 40. Bf1 Bb1 41. Kc3 Nf5 42. Kb2 Ng3 43. Kxb1 Nxf1 44. Kc2 Ng3 45. Kd3 Nf5 46. Be1 Kf6 47. b5 Kg6 48. Bf2 Ng7 49. Ke4 Nh5 50. Kd3 Kf5 51. Be1 g4 52. Bh4 g3 53. Bd8 Ke5 54. Bxc7 Nf6 55. Bb8 Nd7 56. Bxa7 Nc5+ 57. Kc2 Na4 58. Kb3 Nc5+ 59. Kc2 Na4 60. Bb8 Nc5 61. Bc7 Na4 62. Kd2 Kd4 63. Bxd6 Nb2 64. Bxf4 Nxc4+ 65. Ke2 Kxd5 66. Bxg3 Nxa3 67. Bf2 Nxb5 68. Bxb6 Ke5 69. Ke3 Kf5 70. g4+ Kg6 71. f4 Nd6 72. Bc7 Nc4+ 73. Kd4 Nd2 74. Bd8 Nf3+ 75. Ke3 Ne1 76. f5+ Kf7 77. g5 Ng2+ 78. Kf3 Nh4+ 79. Kg4 Ng2 80. g6+ Ke8 81. f6 Ne3+ 82. Kg5 Nd5 83. Be7 Nc7 84. Ba3 Ne6+ 85. Kh6 Nd8 86. Kg7 Ne6+ 87. Kg8 1-0

[Event "Budapest Vezerkepzo GM 3rd"]
[Site "Budapest"]
[Date "2021.04.26"]
[Round "3"]
[White "Plat, Vojtech"]
[Black "Persanyi, Barnabas"]
[Result "1/2-1/2"]
[WhiteElo "2553"]
[BlackElo "2364"]
[PlyCount "29"]
[EventDate "2021.04.24"]
[EventType "tourn"]
[EventRounds "9"]
[EventCountry "HUN"]
[EventCategory "6"]
[SourceTitle "CBM 202 Extra"]
[Source "ChessBase"]
[SourceDate "2021.07.31"]
[SourceVersion "1"]
[SourceVersionDate "2021.07.31"]
[SourceQuality "1"]

1. e4 e5 2. Nf3 Nc6 3. Bb5 a6 4. Ba4 Nf6 5. d4 exd4 6. 0-0 Be7 7. Re1 b5 8. e5 Nxe5 9. Rxe5 d6 10. Re1 bxa4 11. Nxd4 Bd7 12. Qf3 0-0 13. Nc3 Rb8 14. Bg5 Nd5 15. Bd2 1/2-1/2

[Event "Budapest Vezerkepzo GM 3rd"]
[Site "Budapest"]
[Date "2021.04.24"]
[Round "1"]
[White "Nagy, Gabor"]
[Black "Persanyi, Barnabas"]
[Result "1-0"]
[WhiteElo "2511"]
[BlackElo "2364"]
[PlyCount "71"]
[EventDate "2021.04.24"]
[EventType "tourn"]
[EventRounds "9"]
[EventCountry "HUN"]
[EventCategory "6"]
[SourceTitle "CBM 202 Extra"]
[Source "ChessBase"]
[SourceDate "2021.07.31"]
[SourceVersion "1"]
[SourceVersionDate "2021.07.31"]
[SourceQuality "1"]

1. d4 Nf6 2. Nf3 b6 3. e3 Bb7 4. Bd3 e6 5. 0-0 d5 6. c4 Bd6 7. Nc3 0-0 8. cxd5 exd5 9. Nb5 Be7 10. Qc2 c5 11. dxc5 bxc5 12. Rd1 Nbd7 13. b3 Qb6 14. Nc3 Rac8 15. e4 c4 16. bxc4 dxc4 17. Bf1 Nc5 18. e5 Nfe4 19. Rb1 Qg6 20. Rxb7 Nxc3 21. Qxc3 Nxb7 22. Rd7 Bb4 23. Qxb4 Nc5 24. Rd6 Qc2 25. Be3 Ne4 26. Rd4 Rfd8 27. h3 h6 28. e6 fxe6 29. Bxc4 Rxd4 30. Bxe6+ Kh8 31. Qxd4 Rf8 32. Bb3 Qb1+ 33. Kh2 Nf6 34. Ne5 Qf5 35. Qc5 Ne4 36. Ng6+ 1-0

[Event "EU-Cup Online Gr-G"]
[Site "Tornelo INT"]
[Date "2021.03.28"]
[Round "7.2"]
[White "Dreev, Alexey"]
[Black "Persanyi, Barnabas"]
[Result "1/2-1/2"]
[WhiteElo "2647"]
[BlackElo "2364"]
[PlyCount "52"]
[EventDate "2021.03.27"]
[EventType "team-tourn (rapid)"]
[EventRounds "9"]
[EventCountry "NET"]
[SourceTitle "CBM 201 Extra"]
[Source "ChessBase"]
[SourceDate "2021.05.31"]
[SourceVersion "1"]
[SourceVersionDate "2021.05.31"]
[SourceQuality "1"]
[WhiteTeam "Tremblay en France"]
[BlackTeam "Hello Sakk"]
[WhiteTeamCountry "FRA"]
[BlackTeamCountry "HUN"]

1. d4 Nf6 2. Nf3 b6 3. c4 e6 4. a3 Bb7 5. Nc3 Ne4 6. Nxe4 Bxe4 7. Nd2 Bb7 8. e4 d6 9. Bd3 Nd7 10. 0-0 g6 11. Nf3 Bg7 12. Bg5 Qc8 13. Re1 0-0 14. Qd2 e5 15. Bc2 exd4 16. Nxd4 Ne5 17. b3 Nc6 18. Nxc6 Bxc6 19. Rad1 a5 20. a4 Re8 21. h3 Qe6 22. f4 Bf6 23. Bh6 Bg7 24. Bg5 Bf6 25. Bh6 Bg7 26. Bg5 Bf6 1/2-1/2

[Event "EU-Cup Online Gr-G"]
[Site "Tornelo INT"]
[Date "2021.03.28"]
[Round "9.1"]
[White "Persanyi, Barnabas"]
[Black "Gazik, Viktor"]
[Result "0-1"]
[WhiteElo "2364"]
[BlackElo "2542"]
[PlyCount "118"]
[EventDate "2021.03.27"]
[EventType "team-tourn (rapid)"]
[EventRounds "9"]
[EventCountry "NET"]
[SourceTitle "CBM 201 Extra"]
[Source "ChessBase"]
[SourceDate "2021.05.31"]
[SourceVersion "1"]
[SourceVersionDate "2021.05.31"]
[SourceQuality "1"]
[WhiteTeam "Hello Sakk"]
[BlackTeam "Slovakia Chess Academy"]
[WhiteTeamCountry "HUN"]
[BlackTeamCountry "SVK"]

1. Nf3 Nf6 2. g3 g6 3. b3 d6 4. d4 a5 5. Bb2 Bg7 6. Bg2 0-0 7. 0-0 c6 8. a4 Qc7 9. Nbd2 Na6 10. e4 Re8 11. Qe2 Bg4 12. h3 Bxf3 13. Bxf3 e5 14. dxe5 dxe5 15. Rfd1 Nb4 16. Nc4 Bf8 17. Kg2 Bc5 18. Rd2 Na6 19. h4 h5 20. Rad1 Bb4 21. Rd3 Nc5 22. Re3 Ncd7 23. Red3 Nb6 24. Nxb6 Qxb6 25. Qe3 Qc7 26. Qg5 Qe7 27. Qe3 Bc5 28. Qe2 Kg7 29. Qd2 Kg8 30. Qc1 b6 31. Qh6 Qe6 32. Bc3 b5 33. Qd2 bxa4 34. Bxa5 axb3 35. Rxb3 Bd4 36. Bc3 c5 37. Bxd4 cxd4 38. Rdb1 Rec8 39. c3 Ra4 40. Rb8 Rxb8 41. Rxb8+ Kg7 42. cxd4 Rxd4 43. Qc2 Rc4 44. Qd3 Rc8 45. Rxc8 Qxc8 46. Bd1 Qb7 47. f3 Qb2+ 48. Qe2 Qc3 49. Qc2 Qd4 50. Be2 Nd7 51. Qd3 Qb2 52. Kf1 Nc5 53. Qd5 Nb3 54. Bc4 Nd2+ 55. Ke1 Qc1+ 56. Ke2 Nxc4 57. f4 Qe3+ 58. Kd1 Qf3+ 59. Kc1 Qf1+ 0-1

[Event "Hello Sakk Cup Tal"]
[Site "Tornelo INT"]
[Date "2021.03.21"]
[Round "7"]
[White "Persanyi, Barnabas"]
[Black "Gombocz, Ferenc Jr"]
[Result "1/2-1/2"]
[WhiteElo "2364"]
[BlackElo "2280"]
[PlyCount "91"]
[EventDate "2021.03.20"]
[EventType "tourn (rapid)"]
[EventRounds "7"]
[EventCountry "HUN"]
[SourceTitle "CBM 201 Extra"]
[Source "ChessBase"]
[SourceDate "2021.05.31"]
[SourceVersion "1"]
[SourceVersionDate "2021.05.31"]
[SourceQuality "1"]

1. d4 d5 2. Bf4 Nf6 3. e3 c5 4. c3 Nc6 5. Nd2 Bf5 6. Ngf3 e6 7. Qb3 Qc8 8. Nh4 Bg4 9. f3 Bh5 10. g4 Bg6 11. Nxg6 hxg6 12. Bg2 Be7 13. Bg3 c4 14. Qc2 b5 15. b3 0-0 16. 0-0 Qd7 17. bxc4 bxc4 18. Rab1 Bd6 19. Qa4 Bxg3 20. hxg3 Qc7 21. Kf2 e5 22. g5 Nd7 23. f4 Nb6 24. Qb5 exd4 25. exd4 Qd6 26. Qc5 Rad8 27. Rb5 Rfe8 28. Qxd6 Rxd6 29. Re1 Rde6 30. Rxe6 fxe6 31. Ke3 Na4 32. Nxc4 Ne7 33. Ne5 Nxc3 34. Rb7 a5 35. Bh3 Nf5+ 36. Bxf5 gxf5 37. g4 Nxa2 38. gxf5 exf5 39. Ra7 Nb4 40. Rxa5 Nc2+ 41. Kd3 Ne1+ 42. Ke2 Ng2 43. Kf3 Ne1+ 44. Ke2 Ng2 45. Kf3 Ne1+ 46. Ke2 1/2-1/2

[Event "Hello Sakk Cup Capablanca"]
[Site "Tornelo INT"]
[Date "2021.02.28"]
[Round "5"]
[White "Persanyi, Barnabas"]
[Black "Karacsonyi, Gellert"]
[Result "0-1"]
[WhiteElo "2364"]
[BlackElo "2321"]
[PlyCount "118"]
[EventDate "2021.02.21"]
[EventType "tourn (rapid)"]
[EventRounds "7"]
[EventCountry "HUN"]
[SourceTitle "CBM 200 Extra"]
[Source "ChessBase"]
[SourceDate "2021.03.31"]
[SourceVersion "1"]
[SourceVersionDate "2021.03.31"]
[SourceQuality "1"]

1. d4 Nf6 2. Bf4 d5 3. e3 e6 4. Nf3 c5 5. Nbd2 Bd6 6. Bg3 0-0 7. c3 Qc7 8. dxc5 Qxc5 9. Bd3 Nbd7 10. 0-0 b6 11. e4 Qc7 12. Bxd6 Qxd6 13. exd5 Qxd5 14. Qe2 Bb7 15. c4 Qh5 16. Ne4 Nxe4 17. Bxe4 Bxe4 18. Qxe4 Nc5 19. Qe3 Rfd8 20. Rfd1 a5 21. b3 h6 22. h3 Rac8 23. Qe5 Qxe5 24. Nxe5 Kf8 25. Kf1 f6 26. Nf3 Ke7 27. Ke2 a4 28. Rxd8 Rxd8 29. b4 Ne4 30. Rc1 e5 31. Ke3 Nd6 32. c5 bxc5 33. bxc5 Nf5+ 34. Ke4 Nd4 35. c6 Nxf3 36. Kxf3 f5 37. g4 g6 38. c7 Rc8 39. Rc6 fxg4+ 40. hxg4 h5 41. g5 Kd7 42. Rxg6 Kxc7 43. Rh6 Rf8+ 44. Ke3 Kd7 45. Rxh5 Ke6 46. f3 Kf5 47. g6+ Kf6 48. Ke4 Rb8 49. Rxe5 Rb4+ 50. Kd5 Rb5+ 51. Kc4 Rxe5 52. Kb4 Kxg6 53. Kxa4 Kf6 54. Kb4 Ke6 55. a4 Kd6 56. a5 Kc6 57. Kc4 Rf5 58. Kd4 Rxf3 59. Ke4 Ra3 0-1

[Event "Hello Sakk Cup Capablanca"]
[Site "Tornelo INT"]
[Date "2021.02.21"]
[Round "3"]
[White "Persanyi, Barnabas"]
[Black "Palczert, Matyas"]
[Result "1-0"]
[WhiteElo "2364"]
[BlackElo "2214"]
[PlyCount "115"]
[EventDate "2021.02.21"]
[EventType "tourn (rapid)"]
[EventRounds "7"]
[EventCountry "HUN"]
[SourceTitle "CBM 200 Extra"]
[Source "ChessBase"]
[SourceDate "2021.03.31"]
[SourceVersion "1"]
[SourceVersionDate "2021.03.31"]
[SourceQuality "1"]

1. Nf3 Nf6 2. g3 e6 3. Bg2 d5 4. 0-0 Be7 5. d4 0-0 6. c4 dxc4 7. Qc2 a6 8. a4 Bd7 9. Qxc4 Bc6 10. Bg5 Bd5 11. Qc1 Nc6 12. e3 Ne4 13. Bxe7 Qxe7 14. Nc3 Nxc3 15. Qxc3 Qb4 16. Rfc1 Qxc3 17. Rxc3 a5 18. Nd2 Bxg2 19. Kxg2 Rfd8 20. Ne4 Rdc8 21. Nc5 Nd8 22. Rac1 Kf8 23. Nd7+ Ke7 24. Nb6 c6 25. Rc5 Rcb8 26. Nxa8 Rxa8 27. h4 Kd6 28. h5 b6 29. Rg5 g6 30. hxg6 hxg6 31. Rh1 Nb7 32. Rh7 Rf8 33. Rxg6 fxg6 34. Rxb7 e5 35. dxe5+ Kxe5 36. Rxb6 Kd5 37. Ra6 Rb8 38. Rxa5+ Kc4 39. Rg5 Rxb2 40. Rxg6 c5 41. g4 Kd3 42. Rd6+ Kc3 43. g5 Rb4 44. f4 c4 45. g6 Rb7 46. Rc6 Kd3 47. f5 Rg7 48. Kf3 c3 49. Kf4 c2 50. Kg5 Re7 51. f6 Re5+ 52. Kh6 Re6 53. Rxc2 Rxf6 54. Ra2 Kxe3 55. a5 Kf3 56. a6 Kg4 57. a7 Kf5 58. Rf2+ 1-0

[Event "HUN-ch U16"]
[Site "Budapest"]
[Date "2020.10.27"]
[Round "6"]
[White "Koszta, Benedek"]
[Black "Persanyi, Barnabas"]
[Result "1/2-1/2"]
[WhiteElo "2137"]
[BlackElo "2368"]
[PlyCount "124"]
[EventDate "2020.10.24"]
[EventType "tourn"]
[EventRounds "9"]
[EventCountry "HUN"]
[SourceTitle "CBM 199 Extra"]
[Source "ChessBase"]
[SourceDate "2021.01.31"]
[SourceVersion "1"]
[SourceVersionDate "2021.01.31"]
[SourceQuality "1"]

1. e4 e5 2. Nf3 Nc6 3. c3 Nf6 4. d4 exd4 5. e5 Nd5 6. cxd4 Bb4+ 7. Bd2 Bxd2+ 8. Qxd2 d6 9. Nc3 Nxc3 10. Qxc3 0-0 11. 0-0-0 dxe5 12. dxe5 Qe7 13. Bc4 Bg4 14. Rhe1 Rad8 15. Rd5 Rxd5 16. Bxd5 Nb4 17. Bc4 b5 18. a3 bxc4 19. Qxb4 Qxb4 20. axb4 Bxf3 21. gxf3 Rb8 22. Kc2 Rxb4 23. Ra1 Rb7 24. Ra4 Kf8 25. Rxc4 Ke7 26. Kd3 a5 27. Ke4 Kd7 28. Rc2 Rb4+ 29. Ke3 Rh4 30. Rc5 a4 31. Ra5 Rb4 32. f4 Rb3+ 33. Ke4 Rxb2 34. Rxa4 Rxf2 35. Rd4+ Ke6 36. Rc4 Re2+ 37. Kf3 Rxh2 38. Rxc7 h5 39. Ra7 Rh4 40. Kg3 Rg4+ 41. Kf3 g5 42. Ra6+ Ke7 43. fxg5 Rxg5 44. Kf4 Rg6 45. Ra7+ Kf8 46. Kf5 Kg7 47. Ra4 Rg1 48. Rb4 Ra1 49. Kg5 Ra5 50. Kxh5 Rxe5+ 51. Kg4 Kg6 52. Rb6+ f6 53. Kf4 Ra5 54. Rb4 Ra1 55. Kf3 Kg5 56. Kf2 Ra3 57. Rc4 f5 58. Rb4 Ra2+ 59. Kf3 Ra1 60. Kf2 f4 61. Rb8 Ra2+ 62. Kf3 Ra3+ 1/2-1/2

[Event "HUN-ch U16"]
[Site "Budapest"]
[Date "2020.10.26"]
[Round "4"]
[White "Persanyi, Barnabas"]
[Black "Juhasz, Agoston Botond"]
[Result "1-0"]
[WhiteElo "2368"]
[BlackElo "2369"]
[PlyCount "127"]
[EventDate "2020.10.24"]
[EventType "tourn"]
[EventRounds "9"]
[EventCountry "HUN"]
[SourceTitle "CBM 199 Extra"]
[Source "ChessBase"]
[SourceDate "2021.01.31"]
[SourceVersion "1"]
[SourceVersionDate "2021.01.31"]
[SourceQuality "1"]

1. c4 c5 2. g3 g6 3. Bg2 Bg7 4. Nc3 Nc6 5. d3 e6 6. e4 Nge7 7. Nge2 d6 8. 0-0 0-0 9. Rb1 b6 10. Be3 Nd4 11. b4 Bb7 12. Qd2 Qd7 13. Bh6 Nec6 14. Bxg7 Kxg7 15. Nxd4 Nxd4 16. Ne2 Nxe2+ 17. Qxe2 f6 18. Qb2 e5 19. f4 Rae8 20. f5 g5 21. Bf3 Kh8 22. h3 Rg8 23. Bd1 Bc6 24. b5 Bb7 25. a4 Ra8 26. a5 Qc7 27. Rf2 Rgb8 28. Qc3 Qd8 29. Ra2 Qc7 30. Rba1 Qd8 31. Ra3 Qc7 32. R1a2 Qd8 33. Qa1 Kg8 34. Bh5 Kg7 35. Kf2 Kg8 36. Ke3 Kg7 37. h4 gxh4 38. gxh4 Kh8 39. Kf3 Qc8 40. Bg4 Qf8 41. Qc1 Qe7 42. axb6 axb6 43. Rxa8 Rxa8 44. Rxa8+ Bxa8 45. Qa1 Qb7 46. Bh5 Qb8 47. Bf7 Bb7 48. Be6 Qa8 49. Qc1 Qf8 50. h5 h6 51. Qg1 Qg7 52. Qg6 Qf8 53. Bd7 Qg7 54. Bc6 Qxg6 55. hxg6 Bc8 56. Kg4 Kg8 57. Kh5 Kg7 58. Be8 Bb7 59. Bd7 d5 60. exd5 Bxd5 61. Bc6 Bg8 62. Be4 Kh8 63. Kxh6 Bf7 64. Bc6 1-0

[Event "Budapest Aranytiz GM"]
[Site "Budapest"]
[Date "2020.08.22"]
[Round "2"]
[White "Aczel, Gergely"]
[Black "Persanyi, Barnabas"]
[Result "1-0"]
[WhiteElo "2511"]
[BlackElo "2370"]
[PlyCount "67"]
[EventDate "2020.08.21"]
[EventType "tourn"]
[EventRounds "9"]
[EventCountry "HUN"]
[EventCategory "8"]
[SourceTitle "CBM 198 Extra"]
[Source "ChessBase"]
[SourceDate "2020.11.30"]
[SourceVersion "1"]
[SourceVersionDate "2020.11.30"]
[SourceQuality "1"]

1. Nf3 Nf6 2. g3 b6 3. Bg2 Bb7 4. 0-0 e6 5. c4 Be7 6. b3 0-0 7. Bb2 d6 8. d3 c5 9. e4 Nc6 10. Nc3 Nd7 11. d4 Bf6 12. Nb5 Qb8 13. Nxd6 Qxd6 14. e5 Bxe5 15. dxe5 Qxd1 16. Rfxd1 Rad8 17. Rd6 Ndb8 18. Rad1 Rxd6 19. exd6 Rd8 20. Ng5 Na5 21. Ne4 Bxe4 22. Bxe4 Rd7 23. g4 Nb7 24. Bf3 f6 25. g5 e5 26. Bd5+ Kf8 27. f4 exf4 28. gxf6 g5 29. h4 Nxd6 30. Be6 Nxc4 31. Rxd7 Nxd7 32. bxc4 Nb8 33. Be5 Nc6 34. Bd6+ 1-0